| 000 | 004380000a22001810004500 | ||
|---|---|---|---|
| 003 | MACL | ||
| 005 | 20151004131545.0 | ||
| 008 | 151004b xxu||||| |||| 00| 0 eng d | ||
| 040 |
_aMACL _cMACL |
||
| 041 | _aEnglish | ||
| 082 | _a910/HUT | ||
| 100 |
_aHutton , J _913628 |
||
| 245 | _aReport on Naga Hills | ||
| 260 |
_bMittal Publication _c1986 _aDelhi |
||
| 350 | _a100 | ||
| 650 |
_aGeography & Travels _913629 |
||
| 942 |
_cBK _k910 _2ddc |
||
| 999 |
_c5420 _d5420 |
||